Tradition of Japanese garden
Uloženo v:
| Médium: | Kniha |
|---|---|
| Jazyk: | Undetermined |
| Vydáno: |
Tokyo, Japan
Kokuisai Bunka Shikokai
1965
|
| Témata: | |
| Tagy: |
Přidat tag
Žádné tagy, Buďte první, kdo otaguje tento záznam!
|
| Thư viện lưu trữ: | Trung tâm Học liệu Trường Đại học Cần Thơ |
|---|
| LEADER | 00466nam a2200157Ia 4500 | ||
|---|---|---|---|
| 001 | CTU_26636 | ||
| 008 | 210402s9999 xx 000 0 und d | ||
| 082 | |a 712.52 | ||
| 082 | |b K75 | ||
| 245 | 0 | |a Tradition of Japanese garden | |
| 260 | |a Tokyo, Japan | ||
| 260 | |b Kokuisai Bunka Shikokai | ||
| 260 | |c 1965 | ||
| 650 | |a landscape architecture - japan,landscape gardening - japan | ||
| 904 | |i Minh, 981015 | ||
| 980 | |a Trung tâm Học liệu Trường Đại học Cần Thơ | ||